| 000 | 00814nam a22002177a 4500 | ||
|---|---|---|---|
| 003 | OSt | ||
| 005 | 20140310181742.0 | ||
| 008 | 130323t xxu||||| |||| 00| 0 eng d | ||
| 020 | _a1575420899 | ||
| 050 |
_aLC 3993.9 _b.W767 2001 |
||
| 082 |
_aTR 371.952 _bW72 2001 |
||
| 100 |
_aWinebrenner, Susan; Rimm, Sylvia; Espeland, Pamela _9409 |
||
| 245 |
_aTeaching gifted kids in the regular classroom : _b strategies and techniques every teacher can use to meet the academic needs of the gifted and talented _cSusan Winebrenner ; edited by Pamela Espeland. |
||
| 260 |
_aMinneapolis, Minn. : _b Free Spirit Pub., _cc2001 |
||
| 300 |
_a161 p. : forms ; _c28 cm. |
||
| 521 | _aFaculty | ||
| 541 | _j1 | ||
| 562 | _e1 | ||
| 650 |
_aGifted children--Education--United States _9410 |
||
| 942 |
_2lcc _cBK-TR _kTR |
||
| 999 |
_c2814 _d2814 |
||